| 000 | 00715nam a2200205 i 4500 | ||
|---|---|---|---|
| 001 | 35629 | ||
| 003 | ES-MaACL | ||
| 005 | 20250822151111.0 | ||
| 007 | t| | ||
| 008 | 030213s1953 sp ||||1| spa d | ||
| 080 | _a728.81(467.33)(091) | ||
| 100 | 1 |
_aMateo Box, Juan. _931160 |
|
| 245 | 1 | 0 |
_aHistoria de los castillos de la provincia de Alicante / _cJuan Mateo Box ; prólogo de... Eduardo Aunós. |
| 260 |
_aAlicante : _bAyuntamiento, _c1953 ( _fImp. Such y Serra) |
||
| 300 |
_a171 p., 41 lám. : _bil. ; _c22 cm. |
||
| 650 | 4 |
_aCastillos- _zAlicante (Provincia)- _vHistoria. _9153204 |
|
| 700 | 1 |
_aAunós Pérez, Eduardo, _d1894-1967 _923920 |
|
| 852 |
_aES-MaACL _jC-5821 _bR.35099 |
||
| 999 |
_c35629 _d35629 |
||